[Event "Omsk op 06"]
[Site "Omsk"]
[Date "2014.06.26"]
[Round "5"]
[White "Adamson, Konstantin"]
[Black "Glushakov, Andrey"]
[Result "0-1"]
[WhiteElo "2220"]
[BlackElo "1900"]
[PlyCount "40"]
[EventDate "2014.06.20"]
[EventType "swiss"]
[EventRounds "9"]
[EventCountry "RUS"]
[SourceTitle "EXT 2016"]
[Source "ChessBase"]
[SourceDate "2015.10.08"]
[SourceVersion "1"]
[SourceVersionDate "2015.10.08"]
[SourceQuality "1"]

1. e4 c5 2. Nf3 d6 3. d4 cxd4 4. Nxd4 Nf6 5. Nc3 e6 6. Be3 Be7 7. f3 0-0 8. Qd2 Nc6 9. 0-0-0 a6 10. g4 Bd7 11. g5 Nh5 12. Rg1 Rc8 13. f4 g6 14. Be2 Ng7 15. Nb3 Qc7 16. h4 b5 17. h5 Na5 18. hxg6 fxg6 19. Kb1 b4 20. Nxa5 bxc3 0-1

[Event "Omsk op 02"]
[Site "Omsk"]
[Date "2014.02.11"]
[Round "6"]
[White "Tipikin, Ivan"]
[Black "Adamson, Konstantin"]
[Result "1/2-1/2"]
[WhiteElo "1870"]
[BlackElo "2245"]
[PlyCount "58"]
[EventDate "2014.02.03"]
[EventType "swiss"]
[EventRounds "9"]
[EventCountry "RUS"]
[SourceTitle "EXT 2016"]
[Source "ChessBase"]
[SourceDate "2015.10.08"]
[SourceVersion "1"]
[SourceVersionDate "2015.10.08"]
[SourceQuality "1"]

1. e4 c5 2. Nf3 d6 3. d4 cxd4 4. Nxd4 Nf6 5. Nc3 g6 6. g3 Bg7 7. Bg2 0-0 8. h3 Bd7 9. Be3 Nc6 10. Qd2 Rc8 11. Rc1 Ne5 12. b3 Qa5 13. Nd5 Nd3+ 14. Kf1 Qxd2 15. Nxe7+ Kh8 16. Bxd2 Nxc1 17. Nxc8 Nxb3 18. axb3 Rxc8 19. Be3 a5 20. Ke2 Ne8 21. Kd3 Nc7 22. Bf4 Ne6 23. Nxe6 Bxe6 24. Bd2 b6 25. Rc1 Bb2 26. Rb1 Bg7 27. Rc1 Bb2 28. Rb1 Bg7 29. Rc1 Bb2 1/2-1/2

[Event "Omsk op"]
[Site "Omsk"]
[Date "2013.09.17"]
[Round "8"]
[White "Adamson, Konstantin"]
[Black "Chagochkin, Valeriy"]
[Result "1-0"]
[WhiteElo "2226"]
[BlackElo "2054"]
[PlyCount "85"]
[EventDate "2013.09.10"]
[EventType "swiss"]
[EventRounds "9"]
[EventCountry "RUS"]
[SourceTitle "CBM 156 Extra"]
[Source "ChessBase"]
[SourceDate "2013.10.22"]
[SourceVersion "1"]
[SourceVersionDate "2013.10.22"]
[SourceQuality "1"]

1. e4 c5 2. Nf3 Nc6 3. Bb5 g6 4. 0-0 Bg7 5. Bxc6 dxc6 6. d3 e5 7. Be3 Qe7 8. h3 Be6 9. Nbd2 Nh6 10. Qe2 f6 11. a4 a5 12. b3 Nf7 13. Nc4 0-0 14. Nfd2 Qc7 15. f4 exf4 16. Bxf4 Ne5 17. Nxe5 fxe5 18. Be3 b6 19. Rxf8+ Rxf8 20. Nc4 Bxc4 21. bxc4 Qe7 22. Rb1 Rb8 23. Qg4 Qd6 24. Qg3 h6 25. Qf2 Bf8 26. Bd2 Bg7 27. Bc3 Rf8 28. Qg3 Rb8 29. Qe3 Kh7 30. Rf1 Rf8 31. Rxf8 Qxf8 32. Qf2 Qxf2+ 33. Kxf2 h5 34. Kf3 Kg8 35. g4 hxg4+ 36. Kxg4 Kf7 37. Be1 Bf6 38. Bg3 Ke6 39. Be1 Kf7 40. Bh4 Bxh4 41. Kxh4 Kf6 42. Kg4 g5 43. Kh5 1-0

[Event "Omsk op"]
[Site "Omsk"]
[Date "2013.09.12"]
[Round "3"]
[White "Adamson, Konstantin"]
[Black "Skokov, Boris"]
[Result "1-0"]
[WhiteElo "2226"]
[BlackElo "2042"]
[PlyCount "49"]
[EventDate "2013.09.10"]
[EventType "swiss"]
[EventRounds "9"]
[EventCountry "RUS"]
[SourceTitle "CBM 156 Extra"]
[Source "ChessBase"]
[SourceDate "2013.10.22"]
[SourceVersion "1"]
[SourceVersionDate "2013.10.22"]
[SourceQuality "1"]

1. e4 e6 2. d4 d5 3. Nd2 Nf6 4. e5 Nfd7 5. f4 c5 6. c3 Nc6 7. Ndf3 Qb6 8. g3 f6 9. Bd3 fxe5 10. fxe5 cxd4 11. cxd4 Bb4+ 12. Kf1 0-0 13. Kg2 Be7 14. Nh3 Rd8 15. Bg5 Bxg5 16. Bxh7+ Kxh7 17. Nfxg5+ Kg8 18. Qf3 Qxb2+ 19. Nf2 Nf8 20. Qf7+ Kh8 21. Qh5+ Kg8 22. Qf7+ Kh8 23. h4 Nxd4 24. h5 Nh7 25. h6 1-0

[Event "Omsk-ch"]
[Site "Omsk"]
[Date "2013.02.17"]
[Round "9"]
[White "Adamson, Konstantin"]
[Black "Golovan, Igor Ivanovich"]
[Result "1/2-1/2"]
[WhiteElo "2214"]
[BlackElo "2111"]
[PlyCount "40"]
[EventDate "2013.02.09"]
[EventType "swiss"]
[EventRounds "9"]
[EventCountry "RUS"]
[SourceTitle "CBM 153 Extra"]
[Source "ChessBase"]
[SourceDate "2013.04.22"]
[SourceVersion "1"]
[SourceVersionDate "2013.04.22"]
[SourceQuality "1"]

1. e4 e5 2. Nf3 Nc6 3. c3 Nf6 4. d4 Nxe4 5. d5 Ne7 6. Nxe5 Ng6 7. Nxg6 hxg6 8. Bd3 Nf6 9. Bg5 Be7 10. Bxf6 Bxf6 11. 0-0 0-0 12. Nd2 d6 13. Re1 Bf5 14. Bxf5 gxf5 15. Qa4 Re8 16. Nf3 a6 17. Qb4 b5 18. Qa5 Rxe1+ 19. Rxe1 c5 20. Qxd8+ Rxd8 1/2-1/2

[Event "Omsk CC-ch sf"]
[Site "Omsk"]
[Date "2011.06.23"]
[Round "3"]
[White "Skokov, Boris"]
[Black "Adamson, Konstantin"]
[Result "1/2-1/2"]
[WhiteElo "2061"]
[BlackElo "2183"]
[PlyCount "41"]
[EventDate "2011.06.20"]
[EventType "swiss"]
[EventRounds "11"]
[EventCountry "RUS"]
[SourceTitle "EXT 2023"]
[Source "ChessBase"]
[SourceDate "2022.10.05"]
[SourceVersion "1"]
[SourceVersionDate "2022.10.05"]
[SourceQuality "1"]

1. e4 c5 2. Nf3 g6 3. d4 cxd4 4. Nxd4 Nf6 5. Nc3 Nc6 6. Nxc6 bxc6 7. e5 Ng8 8. Bf4 Bg7 9. Bc4 Qb6 10. 0-0 Nh6 11. Qd2 Nf5 12. Rfe1 0-0 13. Bb3 d5 14. exd6 exd6 15. Rad1 d5 16. Na4 Qb5 17. Be5 Be6 18. Bxg7 Kxg7 19. g4 Nd6 20. Qd4+ Kg8 21. f3 1/2-1/2

[Event "Omsk CC-ch sf"]
[Site "Omsk"]
[Date "2011.06.20"]
[Round "1"]
[White "Riabinina, Margarita"]
[Black "Adamson, Konstantin"]
[Result "0-1"]
[WhiteElo "1728"]
[BlackElo "2183"]
[PlyCount "50"]
[EventDate "2011.06.20"]
[EventType "swiss"]
[EventRounds "11"]
[EventCountry "RUS"]
[SourceTitle "EXT 2023"]
[Source "ChessBase"]
[SourceDate "2022.10.05"]
[SourceVersion "1"]
[SourceVersionDate "2022.10.05"]
[SourceQuality "1"]

1. e4 c5 2. Nc3 Nc6 3. Nge2 e6 4. g3 d5 5. exd5 exd5 6. d3 Nf6 7. Bg2 Be7 8. 0-0 d4 9. Ne4 Nxe4 10. dxe4 0-0 11. h3 f5 12. Kh2 fxe4 13. Bxe4 Bf5 14. Bxf5 Rxf5 15. f4 c4 16. Ng1 Qd5 17. Bd2 Rd8 18. Qe1 Bc5 19. Nf3 Rf7 20. Ne5 Re7 21. Qd1 Nxe5 22. fxe5 Rxe5 23. Bf4 Re6 24. Re1 Rde8 25. Rxe6 Qxe6 0-1

[Event "Omsk-ch"]
[Site "Omsk"]
[Date "2010.03.04"]
[Round "8"]
[White "Volkov, Alexander2222"]
[Black "Adamson, Konstantin"]
[Result "0-1"]
[WhiteElo "2160"]
[BlackElo "2161"]
[PlyCount "40"]
[EventDate "2010.02.20"]
[EventType "swiss"]
[EventRounds "11"]
[EventCountry "RUS"]
[SourceTitle "CBM 135 Extra"]
[Source "ChessBase"]
[SourceDate "2010.05.04"]
[SourceVersion "1"]
[SourceVersionDate "2010.05.04"]
[SourceQuality "1"]

1. Nf3 Nf6 2. c4 c5 3. Nc3 g6 4. g3 Bg7 5. Bg2 0-0 6. 0-0 d5 7. cxd5 Nxd5 8. Nxd5 Qxd5 9. d3 Nc6 10. Qa4 Qh5 11. Be3 Bd7 12. Rac1 b6 13. g4 Qxg4 14. Rc4 Nd4 15. Bxd4 Bxa4 16. Bxg7 Qxc4 17. Bxf8 Qxa2 18. Bxe7 Re8 19. Bf6 Rxe2 20. Ne1 Qe6 0-1

[Event "Omsk op"]
[Site "Omsk"]
[Date "2008.12.11"]
[Round "8"]
[White "Adamson, Konstantin"]
[Black "Volkov, Alexander2222"]
[Result "0-1"]
[WhiteElo "2161"]
[BlackElo "2056"]
[PlyCount "140"]
[EventDate "2008.11.23"]
[EventType "swiss"]
[EventRounds "9"]
[EventCountry "RUS"]
[SourceTitle "CBM 127 Extra"]
[Source "ChessBase"]
[SourceDate "2009.01.08"]
[SourceVersion "2"]
[SourceVersionDate "2009.01.28"]
[SourceQuality "1"]

1. e4 e6 2. d4 d5 3. Nd2 c5 4. exd5 Qxd5 5. Ngf3 cxd4 6. Bc4 Qd6 7. 0-0 Nf6 8. Nb3 Nc6 9. Nbxd4 Nxd4 10. Nxd4 Bd7 11. c3 Be7 12. Qf3 0-0 13. Re1 Qc7 14. Bb3 Bd6 15. h3 e5 16. Nc2 Bc6 17. Qg3 Ne4 18. Qg4 Nf6 19. Qg3 Kh8 20. Ne3 e4 21. Qh4 Bh2+ 22. Kh1 Bf4 23. Nf5 Bxc1 24. Raxc1 Qe5 25. Nd4 Bd7 26. Nf3 Qc7 27. Ng5 Bc6 28. Bc2 Rae8 29. Nxe4 Bxe4 30. Bxe4 g5 31. Qh6 Qf4 32. g3 Qe5 33. Bf3 Qf5 34. Kg2 Rg8 35. g4 Qf4 36. Rxe8 Rxe8 37. Rd1 b6 38. Rd4 Qe5 39. h4 Rg8 40. hxg5 Rxg5 41. Qf8+ Rg8 42. Qxf7 h5 43. Qc4 hxg4 44. Bxg4 b5 45. Qb4 a5 46. Qd6 Nxg4 47. Qxe5+ Nxe5+ 48. Kf1 Rb8 49. Rd5 Nc6 50. Rc5 Rb6 51. Ke2 Kg7 52. Ke3 Kf6 53. Ke4 a4 54. a3 Ne7 55. c4 b4 56. Ra5 Re6+ 57. Kd3 Rd6+ 58. Kc2 Nc6 59. Rxa4 Nd4+ 60. Kd3 Ne6+ 61. Ke3 b3 62. Rb4 Nc5 63. Rb5 Rc6 64. Kd4 Ne6+ 65. Kd5 Rc8 66. c5 Nc7+ 67. Kc4 Nxb5 68. Kxb5 Ke6 69. Kc4 Rb8 70. a4 Kd7 0-1

[Event "Omsk City-ch"]
[Site "Omsk"]
[Date "2008.02.11"]
[Round "9"]
[White "Sharov, Fedor"]
[Black "Adamson, Konstantin"]
[Result "0-1"]
[WhiteElo "2029"]
[BlackElo "2170"]
[PlyCount "38"]
[EventDate "2008.02.06"]
[EventType "swiss"]
[EventRounds "11"]
[EventCountry "RUS"]
[SourceTitle "EXT 2009"]
[Source "ChessBase"]
[SourceDate "2008.11.26"]
[SourceVersion "1"]
[SourceVersionDate "2008.11.26"]
[SourceQuality "1"]

1. d4 Nf6 2. Nf3 c5 3. d5 e6 4. Nc3 exd5 5. Nxd5 d6 6. Bg5 Be7 7. Nxe7 Qxe7 8. e3 0-0 9. Be2 Nc6 10. 0-0 h6 11. Bh4 Bg4 12. h3 Bh5 13. Qd2 Qe6 14. Bxf6 Qxf6 15. c3 Rad8 16. Qd5 Bg6 17. Bd3 Ne7 18. Qc4 d5 19. Qxc5 Bxd3 0-1

[Event "Omsk City-ch"]
[Site "Omsk"]
[Date "2008.02.08"]
[Round "4"]
[White "Adamson, Konstantin"]
[Black "Kolobova, Darja"]
[Result "1-0"]
[WhiteElo "2170"]
[BlackElo "1955"]
[PlyCount "59"]
[EventDate "2008.02.06"]
[EventType "swiss"]
[EventRounds "11"]
[EventCountry "RUS"]
[SourceTitle "EXT 2009"]
[Source "ChessBase"]
[SourceDate "2008.11.26"]
[SourceVersion "1"]
[SourceVersionDate "2008.11.26"]
[SourceQuality "1"]

1. e4 d6 2. d4 g6 3. Nc3 Bg7 4. f4 Nf6 5. Nf3 0-0 6. Bd3 Nc6 7. e5 Ne8 8. 0-0 Bg4 9. Be3 Qc8 10. a3 e6 11. h3 Bxf3 12. Qxf3 Ne7 13. Bf2 Nf5 14. Rae1 c5 15. dxc5 dxc5 16. Bxf5 exf5 17. Nd5 Kh8 18. c4 b6 19. Bh4 Nc7 20. Be7 Re8 21. Bf6 Ne6 22. Qg3 Qb7 23. a4 a6 24. Qh4 Kg8 25. Bg5 Nxg5 26. fxg5 Rxe5 27. Nf6+ Bxf6 28. gxf6 Re6 29. Re5 Rd8 30. Rxe6 1-0